Bife angosto 3.

שמור ב:
מידע ביבליוגרפי
מחבר ראשי: Sala, Gustavo (autor)
פורמט: ספר
יצא לאור: Buenos Aires, Argentina: Ediciones de la Flor, 2013.
מהדורה:1a. ed.
נושאים:
תגים: הוספת תג
אין תגיות, היה/י הראשונ/ה לתייג את הרשומה!

MARC

LEADER 00000nam a22000007a 4500
003 CL-VaPUC
005 20250321101920.0
008 250114t2013 ||||| |||| 00| 0 eng d
999 |c 446522  |d 446520 
020 |a 978-950-515-992-5 
040 |c Pontificia Universidad Católica de Valparaíso 
082 |a 741.5 SAL 2013 
100 |9 895407  |a Sala, Gustavo  |e autor 
245 |a Bife angosto 3. 
250 |a 1a. ed. 
260 |a Buenos Aires, Argentina:  |b Ediciones de la Flor,  |c 2013. 
300 |a 128 páginas;  |b ilustraciones. 
500 |a c.1 Instituto Arcos.08-01-2025. 
583 |c 20250114  |k Gabriela Rodríguez Cuevas 
650 0 |9 369534  |a Cómics  |x Humor y sátira   |z Argentina 
650 0 |9 536655  |a Humor gráfico  |z Argentina 
942 |2 ddc  |c BK  |n 0 
952 |0 0  |1 0  |2 ddc  |4 0  |6 741_500000000000000_SAL_2013  |7 0  |9 599306  |a BIBINC  |b BIBINC  |c GEN  |d 2025-01-15  |e Instituto Arcos  |i 5664303  |l 1  |o 741.5 SAL 2013  |p 5664303  |r 2025-05-02  |s 2025-04-25  |t 1  |w 2025-01-15  |y BK  |k IFP